000 00427nam a22001697a 4500
005 20180710110829.0
008 160525b xxu||||| |||| 00| 0 eng d
020 _a978-81-203-3604-3
041 _aeng
082 _b4928
_a658.15
100 _aBanerjee, Bhabatosh
_92271
245 _aFundamental of Financial Mgt.
260 _aNew Delhi
_bAcademic Faundation
300 _a587p,
650 _aManagement
_9241
942 _cBK
999 _c1725
_d1724